000 00862nam a22002057a 4500
999 _c12592
_d12592
003 AR-CdUCM
008 190409b ||||| |||| 00| 0 spa d
040 _aMUNICIPALIDAD PROVINCIAL DEL CUSCO
_cBIBLIOTECA MUNICIPAL DEL CUSCO
082 _a346.07 /
_bJ54 / 1936.
100 _aJiménez, Plácido.
_930500
245 _aCurso de derecho civil :
_b1a. parte, de las personas : con anotaciones y referencias al proyecto del nuevo Código Civil /
260 _aLima :
_b[s.n.],
_c1936.
300 _a374 páginas ;
_c25 cm.
505 _aContenido : Versión taquigráfica de las lecciones dictadas por el catedrático del curso en la Facultad de Derecho de la Universidad Mayor de San Marcos.
650 _aDerecho civil (Personas)
_930501
650 _aDerecho de familia.
_919034
650 _aDerecho
_9739
942 _2ddc
_cLIBROS
945 _arah
_d09/04/2019